000 00679nam a2200181Ia 4500
003 GCL
008 140319s9999 xx 000 0 ara d
040 _aGCL /
_cGCL
082 0 4 _a155.4
_bك م
100 1 _aكريستن لضاء
245 1 0 _aموقف الطفل العربى من كثنائى يجمعهما معا دراسة سيكواوجية تتناول الطفولة بشكل عام .ط6 /
_cكريستن لضاء
260 _a[S.N] :
_bجروس برس ،
_c1993
300 _a179 ص
490 _aالاقارب والطفل فى المجتمع الشرقى المعاصر
_v0
650 0 4 _aالاطفال
650 0 4 _aعلم نفس الطفل
942 _2ddc
_cBK
999 _c39692
_d39692